| 000 | 00987nam a2200217Ii 4500 | ||
|---|---|---|---|
| 003 | JO-AjNU | ||
| 008 | 230605s9999||||xx |||||||||||||| ||und|| | ||
| 020 | _a978-9774-730368 | ||
| 040 |
_aJO-AjNU _bara _erda _cJO-AjNU |
||
| 041 | _aara | ||
| 050 | 1 | 4 | _aHF5549.2 2013 |
| 100 | 3 |
_aاعداد: محمد، مصطفى شلابي ، علاء محمد شكري, _eauthor _952053 |
|
| 245 | 0 | 0 | _aدور المسؤولية الاجتماعية في زيادة القدرة التنافسية: دراسة ميدانية بالتطبيق على شركة موبايلي السعودية للاتصالات |
| 264 | 3 | 1 | _aالقاهرة: المنظمة العربية للتنمية الادارية، 2013 |
| 300 | _a53ص | ||
| 336 |
_atext _btxt _2rdacontent |
||
| 337 |
_aunmediated _bn _2rdamedia |
||
| 338 |
_avolume _bnc _2rdacarrier |
||
| 490 | 0 | _aاصدار خاص عن المجلة العربية للادارة | |
| 650 | 4 |
_aالادارة التنفيذية - السعودية _952054 |
|
| 999 |
_aA23035 _c26603 _d26603 |
||